000 00883nam a2200217 i 4500
001 23417
003 ES-MaACL
005 20240308153406.0
007 t|
008 021210s1946 sp ||||1| spa d
100 1 _aAllen, R. G. D.
_919999
245 1 0 _aAnálisis matemático para economistas /
_cR.G.D. Allen ; traducción, adaptación, notas y apéndices por Emilio de Figueroa ; prefacio por José Mª Zumalacárregui.
260 _aMadrid :
_bM. Aguilar :
_bBolaños y Aguilar,
_c1946.
300 _aXLVIII, 692 p. :
_bil. ;
_c22 cm.
490 1 _aBiblioteca de ciencias económicas, políticas y sociales
700 1 _aFigueroa, Emilio de.
_950780
700 1 _aZumalacárregui y Prat, José María.
_9118485
830 0 _aBiblioteca de ciencias económicas, políticas y sociales
_9182661
852 _aES-MaACL
_jE-1971
_bR.22962
999 _c23417
_d23417